<?xml version="1.0" encoding="UTF-8"?><?xml-stylesheet type="text/xsl" href="static/style.xsl"?><OAI-PMH xmlns="http://www.openarchives.org/OAI/2.0/" xmlns:xsi="http://www.w3.org/2001/XMLSchema-instance" xsi:schemaLocation="http://www.openarchives.org/OAI/2.0/ http://www.openarchives.org/OAI/2.0/OAI-PMH.xsd"><responseDate>2026-04-14T03:19:51Z</responseDate><request verb="GetRecord" identifier="oai:www.recercat.cat:2445/117487" metadataPrefix="marc">https://recercat.cat/oai/request</request><GetRecord><record><header><identifier>oai:recercat.cat:2445/117487</identifier><datestamp>2025-12-10T00:48:30Z</datestamp><setSpec>com_2072_1057</setSpec><setSpec>col_2072_478917</setSpec></header><metadata><record xmlns="http://www.loc.gov/MARC21/slim" xmlns:dcterms="http://purl.org/dc/terms/" xmlns:xsi="http://www.w3.org/2001/XMLSchema-instance" xmlns:doc="http://www.lyncode.com/xoai" xsi:schemaLocation="http://www.loc.gov/MARC21/slim http://www.loc.gov/standards/marcxml/schema/MARC21slim.xsd">
   <leader>00925njm 22002777a 4500</leader>
   <datafield ind2=" " ind1=" " tag="042">
      <subfield code="a">dc</subfield>
   </datafield>
   <datafield ind2=" " ind1=" " tag="720">
      <subfield code="a">Bjornsdottir, Erla</subfield>
      <subfield code="e">author</subfield>
   </datafield>
   <datafield ind2=" " ind1=" " tag="720">
      <subfield code="a">Janson, Christer</subfield>
      <subfield code="e">author</subfield>
   </datafield>
   <datafield ind2=" " ind1=" " tag="720">
      <subfield code="a">Lindberg, Eva</subfield>
      <subfield code="e">author</subfield>
   </datafield>
   <datafield ind2=" " ind1=" " tag="720">
      <subfield code="a">Arnardottir, Erna Sif</subfield>
      <subfield code="e">author</subfield>
   </datafield>
   <datafield ind2=" " ind1=" " tag="720">
      <subfield code="a">Benediktsdottir, Bryndís</subfield>
      <subfield code="e">author</subfield>
   </datafield>
   <datafield ind2=" " ind1=" " tag="720">
      <subfield code="a">García Aymerich, Judith</subfield>
      <subfield code="e">author</subfield>
   </datafield>
   <datafield ind2=" " ind1=" " tag="720">
      <subfield code="a">Carsin, Anne Elie</subfield>
      <subfield code="e">author</subfield>
   </datafield>
   <datafield ind2=" " ind1=" " tag="720">
      <subfield code="a">Gómez Real, Francisco</subfield>
      <subfield code="e">author</subfield>
   </datafield>
   <datafield ind2=" " ind1=" " tag="720">
      <subfield code="a">Toren, Kjell</subfield>
      <subfield code="e">author</subfield>
   </datafield>
   <datafield ind2=" " ind1=" " tag="720">
      <subfield code="a">Heinrich, Joachim</subfield>
      <subfield code="e">author</subfield>
   </datafield>
   <datafield ind2=" " ind1=" " tag="720">
      <subfield code="a">Nowak, Dennis</subfield>
      <subfield code="e">author</subfield>
   </datafield>
   <datafield ind2=" " ind1=" " tag="720">
      <subfield code="a">Sánchez Ramos, José Luis</subfield>
      <subfield code="e">author</subfield>
   </datafield>
   <datafield ind2=" " ind1=" " tag="720">
      <subfield code="a">Demoly, Pascal</subfield>
      <subfield code="e">author</subfield>
   </datafield>
   <datafield ind2=" " ind1=" " tag="720">
      <subfield code="a">Arenas,  Sandra Dorado</subfield>
      <subfield code="e">author</subfield>
   </datafield>
   <datafield ind2=" " ind1=" " tag="720">
      <subfield code="a">Coloma Navarro, Ramon</subfield>
      <subfield code="e">author</subfield>
   </datafield>
   <datafield ind2=" " ind1=" " tag="720">
      <subfield code="a">Schlunssen, Vivi</subfield>
      <subfield code="e">author</subfield>
   </datafield>
   <datafield ind2=" " ind1=" " tag="720">
      <subfield code="a">Raherison, Chantal</subfield>
      <subfield code="e">author</subfield>
   </datafield>
   <datafield ind2=" " ind1=" " tag="720">
      <subfield code="a">Jarvis, Deborah</subfield>
      <subfield code="e">author</subfield>
   </datafield>
   <datafield ind2=" " ind1=" " tag="720">
      <subfield code="a">Gislason, Thorarinn</subfield>
      <subfield code="e">author</subfield>
   </datafield>
   <datafield ind2=" " ind1=" " tag="260">
      <subfield code="c">2017-11-07T14:17:47Z</subfield>
   </datafield>
   <datafield ind2=" " ind1=" " tag="260">
      <subfield code="c">2017-11-07T14:17:47Z</subfield>
   </datafield>
   <datafield ind2=" " ind1=" " tag="260">
      <subfield code="c">2017-08-01</subfield>
   </datafield>
   <datafield ind2=" " ind1=" " tag="260">
      <subfield code="c">2017-11-01T19:00:26Z</subfield>
   </datafield>
   <datafield ind2=" " ind1=" " tag="520">
      <subfield code="a">INTRODUCTION: Sleep length has been associated with obesity and&#xd;
                various adverse health outcomes. The possible association of&#xd;
                sleep length and respiratory symptoms has not been previously&#xd;
                described. The aim of this study was to investigate the&#xd;
                association between sleep length and respiratory symptoms and&#xd;
                whether such an association existed independent of obesity.&#xd;
                METHODS: This is a multicentre, cross-sectional,&#xd;
                population-based study performed in 23 centres in 10 different&#xd;
                countries. Participants (n=5079, 52.3% males) were adults in the&#xd;
                third follow-up of the European Community Respiratory Health&#xd;
                Survey III. The mean+/-SD age was 54.2+/-7.1 (age range 39-67&#xd;
                years). Information was collected on general and respiratory&#xd;
                health and sleep characteristics. RESULTS: The mean reported&#xd;
                nighttime sleep duration was 6.9+/-1.0 hours. Short sleepers&#xd;
                (&lt;6 hours per night) were n=387 (7.6%) and long sleepers&#xd;
                (>/=9 hours per night) were n=271 (4.3%). Short sleepers were&#xd;
                significantly more likely to report all respiratory symptoms&#xd;
                (wheezing, waking up with chest tightness, shortness of breath,&#xd;
                coughing, phlegm and bronchitis) except asthma after adjusting&#xd;
                for age, gender, body mass index (BMI), centre, marital status,&#xd;
                exercise and smoking. Excluding BMI from the model covariates&#xd;
                did not affect the results. Short sleep was related to 11 out of&#xd;
                16 respiratory and nasal symptoms among subjects with BMI&#xd;
                >/=30 and 9 out of 16 symptoms among subjects with BMI&#xd;
                &lt;30. Much fewer symptoms were related to long sleep, both for&#xd;
                subjects with BMI &lt;30 and >/=30. CONCLUSIONS: Our results&#xd;
                show that short sleep duration is associated with many common&#xd;
                respiratory symptoms, and this relationship is independent of&#xd;
                obesity.</subfield>
   </datafield>
   <datafield tag="653" ind2=" " ind1=" ">
      <subfield code="a">Trastorns del son</subfield>
   </datafield>
   <datafield tag="653" ind2=" " ind1=" ">
      <subfield code="a">Respiració</subfield>
   </datafield>
   <datafield tag="653" ind2=" " ind1=" ">
      <subfield code="a">Sleep disorders</subfield>
   </datafield>
   <datafield tag="653" ind2=" " ind1=" ">
      <subfield code="a">Respiration</subfield>
   </datafield>
   <datafield ind2="0" ind1="0" tag="245">
      <subfield code="a">Respiratory symptoms are more common among short sleepers&#xd;
                independent of obesity</subfield>
   </datafield>
</record></metadata></record></GetRecord></OAI-PMH>